[Event "Hessenliga 1415"]
[Site "Hessen"]
[Date "2015.02.08"]
[Round "6.3"]
[White "Lieder, Konrad"]
[Black "Schreiber, Kurt"]
[Result "1-0"]
[WhiteElo "2165"]
[BlackElo "2149"]
[PlyCount "107"]
[EventDate "2014.09.28"]
[EventType "team-tourn"]
[EventRounds "9"]
[EventCountry "GER"]
[SourceTitle "EXT 2016"]
[Source "ChessBase"]
[SourceDate "2015.10.08"]
[SourceVersion "1"]
[SourceVersionDate "2015.10.08"]
[SourceQuality "1"]
[WhiteTeam "Bad Nauheim"]
[BlackTeam "Dotzheim"]
[WhiteTeamCountry "GER"]
[BlackTeamCountry "GER"]

1. d4 d6 2. g3 g6 3. Bg2 Bg7 4. Nf3 Nf6 5. 0-0 0-0 6. Bg5 Nbd7 7. Qc1 Re8 8. c4 e5 9. Nc3 c6 10. d5 Qc7 11. Rd1 a5 12. Nd2 Nc5 13. dxc6 bxc6 14. Nb5 Qd7 15. Nb3 Nxb3 16. axb3 d5 17. Nc3 d4 18. b4 Bb7 19. bxa5 Qc7 20. Na4 Rxa5 21. b4 Ra7 22. Nc5 Rxa1 23. Qxa1 Ra8 24. Qb2 Rb8 25. Ra1 Bc8 26. Na6 Bxa6 27. Rxa6 e4 28. Qxd4 Nd5 29. Qxe4 Nxb4 30. Bf4 Qd7 31. Bxb8 Nxa6 32. Bf4 Nb4 33. c5 Nd5 34. Qd3 Bf8 35. Bxd5 cxd5 36. Bd6 Qc6 37. Bxf8 Kxf8 38. Qd4 f6 39. f3 Ke7 40. Kf2 Kf7 41. Qb4 Ke6 42. Ke3 Kd7 43. Qb6 Qa8 44. Qd6+ Ke8 45. Qe6+ Kf8 46. Qxf6+ Kg8 47. Qd4 Qe8+ 48. Kf2 Qe6 49. Qc3 Qc6 50. Qb4 Qf6 51. f4 d4 52. Qb8+ Kf7 53. Qc7+ Ke8 54. Qe5+ 1-0

[Event "Hessenliga 1415"]
[Site "Hessen"]
[Date "2014.12.14"]
[Round "4.5"]
[White "Lieder, Konrad"]
[Black "Hanemann, Ingo"]
[Result "1-0"]
[WhiteElo "2165"]
[BlackElo "2188"]
[PlyCount "57"]
[EventDate "2014.09.28"]
[EventType "team-tourn"]
[EventRounds "9"]
[EventCountry "GER"]
[SourceTitle "EXT 2016"]
[Source "ChessBase"]
[SourceDate "2015.10.08"]
[SourceVersion "1"]
[SourceVersionDate "2015.10.08"]
[SourceQuality "1"]
[WhiteTeam "Bad Nauheim"]
[BlackTeam "Bad Homburg"]
[WhiteTeamCountry "GER"]
[BlackTeamCountry "GER"]

1. d4 Nf6 2. Nf3 c5 3. e3 g6 4. b3 Bg7 5. Bb2 0-0 6. Be2 d5 7. 0-0 cxd4 8. exd4 Nc6 9. Nbd2 Bf5 10. Ne5 Rc8 11. c3 h5 12. h3 Qb6 13. g4 hxg4 14. hxg4 Be6 15. Nd3 Rcd8 16. Kg2 Qc7 17. f3 Bc8 18. g5 Ne8 19. Qe1 Nd6 20. Qg3 e5 21. Rh1 Rfe8 22. dxe5 Nf5 23. Qh2 Nxe5 24. c4 dxc4 25. Nxc4 Rxd3 26. Bxd3 Ne3+ 27. Nxe3 Qd8 28. Qh7+ Kf8 29. Ba3+ 1-0

[Event "Frankfurt-chA"]
[Site "Frankfurt"]
[Date "2013.05.06"]
[Round "2"]
[White "Muthig, Holger"]
[Black "Lieder, Konrad"]
[Result "0-1"]
[WhiteElo "1684"]
[BlackElo "2172"]
[PlyCount "56"]
[EventDate "2013.04.29"]
[EventType "swiss"]
[EventRounds "7"]
[EventCountry "GER"]
[SourceTitle "EXT 2014"]
[Source "ChessBase"]
[SourceDate "2013.11.20"]
[SourceVersion "1"]
[SourceVersionDate "2013.11.20"]
[SourceQuality "1"]

1. d4 d5 2. c4 c6 3. Nc3 Nf6 4. e3 Nbd7 5. Nf3 e6 6. Bd3 Bd6 7. 0-0 0-0 8. Bd2 a6 9. cxd5 cxd5 10. Qb3 b5 11. Rfc1 Bb7 12. Qd1 Ne4 13. Ne2 f5 14. Nf4 Qf6 15. h4 g6 16. g3 h6 17. Bc3 g5 18. Nh5 Qg6 19. Ne5 Nxe5 20. dxe5 Nxc3 21. Rxc3 Bxe5 22. Rc2 Bd6 23. Rac1 e5 24. g4 gxh4 25. Kf1 Qxg4 26. Qxg4+ fxg4 27. Kg1 Kh8 28. Be2 Rf5 0-1

[Event "Oberliga Ost-A 0809"]
[Site "Germany"]
[Date "2009.01.31"]
[Round "6.2"]
[White "Stolz, Mike"]
[Black "Lieder, Konrad"]
[Result "1/2-1/2"]
[WhiteElo "2360"]
[BlackElo "2136"]
[PlyCount "167"]
[EventDate "2008.10.12"]
[EventType "team-tourn"]
[EventRounds "11"]
[EventCountry "GER"]
[SourceTitle "EXT 2010"]
[Source "ChessBase"]
[SourceDate "2010.11.25"]
[SourceVersion "1"]
[SourceVersionDate "2010.11.25"]
[SourceQuality "1"]
[WhiteTeam "Magdeburg Rochade"]
[BlackTeam "Sangerhausen"]
[WhiteTeamCountry "GER"]
[BlackTeamCountry "GER"]

1. e4 c6 2. d4 d5 3. e5 Bf5 4. Nc3 e6 5. g4 Bg6 6. Nge2 Nd7 7. h4 h5 8. Nf4 Ne7 9. f3 a6 10. Be3 c5 11. dxc5 Nxe5 12. Qe2 Qc7 13. 0-0-0 0-0-0 14. Na4 Kb8 15. Nb6 N7c6 16. c3 hxg4 17. fxg4 Be4 18. Bg2 Bxg2 19. Qxg2 d4 20. cxd4 Nxd4 21. Nbd5 Qxc5+ 22. Kb1 Nec6 23. Nc3 Be7 24. Qf2 e5 25. Nd3 Qc4 26. Nxe5 Nxe5 27. Bxd4 Nc6 28. Bxg7 Rxd1+ 29. Rxd1 Rxh4 30. Bf8 Rxg4 31. Bxe7 Nxe7 32. Rd8+ Nc8 33. a3 Rf4 34. Qd2 Rf1+ 35. Kc2 Qc5 36. Qd5 Rf2+ 37. Kb1 Qb6 38. Na4 Rf1+ 39. Ka2 Qe6 40. Qxe6 fxe6 41. Nc5 Rf7 42. Nxe6 Re7 43. Nf4 Kc7 44. Rd4 Nb6 45. Rb4 Re5 46. Rd4 Re7 47. a4 Re5 48. Ka3 Kc6 49. b3 a5 50. Ng6 Re3 51. Nf4 Re5 52. Rd8 Nd5 53. Nd3 Re3 54. Nb2 Nb6 55. Rh8 Kd6 56. Rh6+ Re6 57. Rh7 Re7 58. Rh8 Re3 59. Ka2 Re2 60. Kb1 Kc5 61. Rh5+ Kd4 62. Nd1 Re1 63. Kc2 Nd5 64. Kd2 Rg1 65. Rh4+ Ke5 66. Nf2 Rg2 67. Ke2 Rg3 68. Nd3+ Kd6 69. Rh6+ Kc7 70. Rh7+ Kb6 71. Rh5 Kc6 72. Ne5+ Kc5 73. Nf3 Kd6 74. Rf5 Rg4 75. Rf7 Rb4 76. Nd2 b5 77. axb5 Rxb5 78. Kd3 Nb4+ 79. Kc3 Nd5+ 80. Kd4 Kc6 81. Rh7 Rb4+ 82. Nc4 Nb6 83. Rh6+ Kb7 84. Kc5 1/2-1/2

[Event "Oberliga Ost-A 0809"]
[Site "Germany"]
[Date "2008.11.30"]
[Round "3.2"]
[White "Lieder, Konrad"]
[Black "Lubbe, Melanie"]
[Result "1-0"]
[WhiteElo "2136"]
[BlackElo "2237"]
[PlyCount "55"]
[EventDate "2008.10.12"]
[EventType "team-tourn"]
[EventRounds "11"]
[EventCountry "GER"]
[SourceTitle "EXT 2010"]
[Source "ChessBase"]
[SourceDate "2010.11.25"]
[SourceVersion "1"]
[SourceVersionDate "2010.11.25"]
[SourceQuality "1"]
[WhiteTeam "Sangerhausen"]
[BlackTeam "Leipzig Gohlis"]
[WhiteTeamCountry "GER"]
[BlackTeamCountry "GER"]

1. d4 Nf6 2. g3 g6 3. Bg2 Bg7 4. e4 d6 5. Ne2 0-0 6. 0-0 c5 7. d5 b5 8. e5 Ne8 9. e6 f5 10. a4 b4 11. c4 bxc3 12. bxc3 Na6 13. Na3 Rb8 14. Qc2 Nf6 15. Rd1 Bb7 16. Rb1 Qa5 17. Nf4 Ne4 18. Bxe4 fxe4 19. Bd2 c4 20. Nxc4 Qc7 21. Qxe4 Nc5 22. Qc2 g5 23. Nh3 Bxd5 24. Nxg5 Rf6 25. Ne3 Bb7 26. Qxh7+ Kf8 27. Ng4 Qc6 28. f3 1-0

[Event "GER-chT U20"]
[Site "Kelheim"]
[Date "2007.12.28"]
[Round "4.3"]
[White "Lieder, Konrad"]
[Black "Nuber, Blasius"]
[Result "1-0"]
[WhiteElo "2160"]
[BlackElo "2113"]
[PlyCount "101"]
[EventDate "2007.12.27"]
[EventType "team-swiss"]
[EventRounds "7"]
[EventCountry "GER"]
[SourceTitle "EXT 2022"]
[Source "ChessBase"]
[SourceDate "2021.10.06"]
[SourceVersion "1"]
[SourceVersionDate "2021.10.06"]
[SourceQuality "1"]
[WhiteTeam "Sangerhausen U20"]
[BlackTeam "Dillingen U20"]
[WhiteTeamCountry "GER"]
[BlackTeamCountry "GER"]

1. d4 d5 2. g3 Nf6 3. Bg2 e6 4. Nf3 c5 5. c3 Nc6 6. 0-0 Be7 7. Nbd2 0-0 8. b3 b6 9. Bb2 cxd4 10. cxd4 a5 11. Ne5 Bb7 12. a3 Rc8 13. h3 Na7 14. Rc1 Nb5 15. Nb1 Ne4 16. Qd3 Rxc1 17. Rxc1 Qe8 18. Qc2 Bd6 19. a4 Nc7 20. Bxe4 dxe4 21. Nc4 Bb4 22. Ba3 Bxa3 23. Nbxa3 Nd5 24. Qxe4 Nc3 25. Qc2 Qc6 26. f3 Nd5 27. Nb5 Ba6 28. Ncd6 Qd7 29. e4 Nb4 30. Qc7 Bxb5 31. Nxb5 Qxc7 32. Rxc7 g6 33. Kf2 Rb8 34. f4 h5 35. Ke2 Rd8 36. Kd2 Rb8 37. Nd6 f5 38. Re7 Nc6 39. Rxe6 Nxd4 40. Rxg6+ Kh7 41. exf5 Nxf5 42. Rf6 Nxg3 43. Ke3 Kg7 44. Re6 Rf8 45. Nc4 h4 46. Rxb6 Nh5 47. Rb7+ Kh6 48. Ne5 Rxf4 49. Ng4+ Kg6 50. Rb6+ Kg7 51. Rb5 1-0

[Event "GER-ch U18"]
[Site "Willingen"]
[Date "2007.06.01"]
[Round "9"]
[White "Dinger, Florian"]
[Black "Lieder, Konrad"]
[Result "1-0"]
[WhiteElo "2286"]
[BlackElo "2091"]
[PlyCount "55"]
[EventDate "2007.05.26"]
[EventType "swiss"]
[EventRounds "9"]
[EventCountry "GER"]
[SourceTitle "CBM 118 Extra"]
[Source "ChessBase"]
[SourceDate "2007.07.04"]
[SourceVersion "1"]
[SourceVersionDate "2007.07.04"]
[SourceQuality "1"]

1. e4 c6 2. d4 d5 3. Nc3 dxe4 4. Nxe4 Nf6 5. Nxf6+ exf6 6. c3 Bd6 7. Bd3 0-0 8. Ne2 Re8 9. Qc2 g6 10. Be3 Nd7 11. h4 Nf8 12. h5 Bg4 13. hxg6 fxg6 14. 0-0-0 Qe7 15. Rde1 a5 16. Bh6 Qf7 17. Kb1 Be6 18. Nc1 Re7 19. Re4 b5 20. Reh4 b4 21. c4 a4 22. g4 b3 23. axb3 axb3 24. Nxb3 Rb8 25. Na5 Ra7 26. Bxf8 Bxf8 27. Bxg6 Qc7 28. Bxh7+ 1-0

[Event "GER-ch U18"]
[Site "Willingen"]
[Date "2007.05.29"]
[Round "5"]
[White "Lieder, Konrad"]
[Black "Figura, Atila Gajo"]
[Result "0-1"]
[WhiteElo "2091"]
[BlackElo "2408"]
[PlyCount "110"]
[EventDate "2007.05.26"]
[EventType "swiss"]
[EventRounds "9"]
[EventCountry "GER"]
[SourceTitle "CBM 118 Extra"]
[Source "ChessBase"]
[SourceDate "2007.07.04"]
[SourceVersion "1"]
[SourceVersionDate "2007.07.04"]
[SourceQuality "1"]

1. d4 Nf6 2. Nf3 g6 3. g3 Bg7 4. Bg2 d5 5. 0-0 0-0 6. b3 c5 7. c3 b6 8. Nbd2 Bb7 9. Bb2 Nbd7 10. Qc2 Rc8 11. e3 cxd4 12. exd4 Ne4 13. Nxe4 dxe4 14. Ng5 Bxd4 15. Rad1 Bg7 16. Nxe4 Qc7 17. c4 Bxb2 18. Qxb2 Bxe4 19. Bxe4 Nf6 20. Bf3 Rfd8 21. Qa3 a5 22. Qc1 Kg7 23. Qe3 e5 24. Rfe1 Rxd1 25. Bxd1 Re8 26. a3 Qd6 27. Qc3 Rd8 28. Qe3 Nd7 29. Bf3 Qxa3 30. Rd1 Qe7 31. Qd2 e4 32. Qd4+ Qf6 33. Bxe4 Qxd4 34. Rxd4 Kf6 35. Bd5 Rf8 36. Re4 Nc5 37. Re3 h5 38. Kf1 g5 39. h3 g4 40. Kg2 Kg6 41. f4 f5 42. h4 Kf6 43. Kf2 Rd8 44. Ke2 b5 45. Kd2 a4 46. Kc3 axb3 47. Re2 Rb8 48. Re1 bxc4 49. Bxc4 b2 50. Kc2 Ne4 51. Bb3 Nxg3 52. Kxb2 Ne4 53. Kc2 Rc8+ 54. Kd1 Rc3 55. Bc2 Nd6 0-1

[Event "GER-ch U18"]
[Site "Willingen"]
[Date "2007.05.28"]
[Round "3"]
[White "Tereick, Benjamin"]
[Black "Lieder, Konrad"]
[Result "1/2-1/2"]
[WhiteElo "2362"]
[BlackElo "2091"]
[PlyCount "128"]
[EventDate "2007.05.26"]
[EventType "swiss"]
[EventRounds "9"]
[EventCountry "GER"]
[SourceTitle "CBM 118 Extra"]
[Source "ChessBase"]
[SourceDate "2007.07.04"]
[SourceVersion "1"]
[SourceVersionDate "2007.07.04"]
[SourceQuality "1"]

1. Nf3 g6 2. e4 Bg7 3. d4 d6 4. c4 Nf6 5. Nc3 0-0 6. Be2 e5 7. Be3 Ng4 8. Bg5 Qe8 9. h3 Nf6 10. d5 a5 11. Nd2 Kh8 12. Be3 Na6 13. g4 Ng8 14. h4 f5 15. f3 Bh6 16. g5 Bg7 17. Nb3 b6 18. Nc1 h5 19. Nd3 Ne7 20. a3 Nc5 21. b4 Nxd3+ 22. Bxd3 fxe4 23. fxe4 Bg4 24. Be2 Bxe2 25. Kxe2 Qd7 26. Kd3 axb4 27. axb4 Rxa1 28. Qxa1 Qg4 29. Qg1 Qf3 30. Rh2 Ra8 31. Qh1 Qg4 32. Rg2 Qd7 33. Rf2 Kh7 34. Qg2 Ra3 35. Kc2 c6 36. Kb2 Ra8 37. Rf7 Qe8 38. Qf2 Kg8 39. Rxg7+ Kxg7 40. Qf6+ Kg8 41. Qxd6 cxd5 42. exd5 Nf5 43. Qxb6 Qb8 44. Bf2 Nxh4 45. Qxb8+ Rxb8 46. Bxh4 Rxb4+ 47. Kc2 Rxc4 48. Bg3 Kf8 49. Bxe5 Kf7 50. Kd3 Rg4 51. Ne4 h4 52. d6 Rg1 53. Ke2 h3 54. d7 Ke7 55. Nc5 h2 56. Bf6+ Kf7 57. d8Q Re1+ 58. Kxe1 h1Q+ 59. Kd2 Qc1+ 60. Kd3 Qc4+ 61. Ke3 Qf4+ 62. Ke2 Qf1+ 63. Kd2 Qc1+ 64. Kd3 Qc4+ 1/2-1/2

[Event "GER-chT U20"]
[Site "Kelbra"]
[Date "2006.12.30"]
[Round "7.2"]
[White "Nass, Walter Robert"]
[Black "Lieder, Konrad"]
[Result "0-1"]
[WhiteElo "2042"]
[BlackElo "2091"]
[PlyCount "72"]
[EventDate "2006.12.27"]
[EventType "team-swiss"]
[EventRounds "7"]
[EventCountry "GER"]
[SourceTitle "EXT 2008"]
[Source "ChessBase"]
[SourceDate "2007.11.25"]
[SourceVersion "1"]
[SourceVersionDate "2007.11.25"]
[SourceQuality "1"]
[WhiteTeam "Wolfbusch U20"]
[BlackTeam "Sangerhausen U20"]
[WhiteTeamCountry "GER"]
[BlackTeamCountry "GER"]

1. e4 c6 2. d4 d5 3. Nc3 dxe4 4. Nxe4 Nf6 5. Ng3 e6 6. Nf3 c5 7. Be3 Nbd7 8. dxc5 Nd5 9. Bd4 Nxc5 10. Be2 f6 11. 0-0 Bd6 12. Re1 0-0 13. c4 Nf4 14. Bf1 e5 15. Bc3 a5 16. Qc2 Qb6 17. b3 Re8 18. Nd2 Bg4 19. h3 Be6 20. a3 Na6 21. Nge4 Bf8 22. Qb2 Qc7 23. b4 Qf7 24. Rec1 Qg6 25. Kh2 Rab8 26. b5 Nc5 27. Nxc5 Bxc5 28. Nb3 Rbc8 29. Nxc5 Rxc5 30. g3 Nxh3 31. Bxh3 Qh5 32. Bxa5 Qxh3+ 33. Kg1 e4 34. Qe2 Rh5 35. Qxe4 Qh2+ 36. Kf1 Bh3+ 0-1

[Event "GER-chT U20"]
[Site "Kelbra"]
[Date "2006.12.29"]
[Round "6.2"]
[White "Lieder, Konrad"]
[Black "Abel, Dennes"]
[Result "1/2-1/2"]
[WhiteElo "2091"]
[BlackElo "2286"]
[PlyCount "50"]
[EventDate "2006.12.27"]
[EventType "team-swiss"]
[EventRounds "7"]
[EventCountry "GER"]
[SourceTitle "EXT 2008"]
[Source "ChessBase"]
[SourceDate "2007.11.25"]
[SourceVersion "1"]
[SourceVersionDate "2007.11.25"]
[SourceQuality "1"]
[WhiteTeam "Sangerhausen U20"]
[BlackTeam "Hannover Post U20"]
[WhiteTeamCountry "GER"]
[BlackTeamCountry "GER"]

1. d4 Nf6 2. Nf3 e6 3. g3 b6 4. Bg2 Bb7 5. 0-0 Be7 6. Nbd2 c5 7. c3 Qc7 8. b3 0-0 9. Bb2 d6 10. c4 cxd4 11. Nxd4 Bxg2 12. Kxg2 a6 13. Rc1 Qb7+ 14. Kg1 Nbd7 15. f3 b5 16. e4 bxc4 17. Nxc4 d5 18. exd5 Nxd5 19. Qe2 Bf6 20. Rfd1 a5 21. Kg2 Qa6 22. Ba3 Rfb8 23. Bd6 Re8 24. a4 Bxd4 25. Rxd4 N7b6 1/2-1/2

[Event "GER-chT U20"]
[Site "Kelbra"]
[Date "2006.12.28"]
[Round "4.2"]
[White "Lindenberg, Georg"]
[Black "Lieder, Konrad"]
[Result "1-0"]
[WhiteElo "2122"]
[BlackElo "2091"]
[PlyCount "71"]
[EventDate "2006.12.27"]
[EventType "team-swiss"]
[EventRounds "7"]
[EventCountry "GER"]
[SourceTitle "EXT 2008"]
[Source "ChessBase"]
[SourceDate "2007.11.25"]
[SourceVersion "1"]
[SourceVersionDate "2007.11.25"]
[SourceQuality "1"]
[WhiteTeam "Pang/Rosenheim U20"]
[BlackTeam "Sangerhausen U20"]
[WhiteTeamCountry "GER"]
[BlackTeamCountry "GER"]

1. e4 e6 2. d4 d5 3. Nd2 Nf6 4. e5 Nfd7 5. f4 c5 6. c3 Nc6 7. Ndf3 g6 8. g3 a6 9. Ne2 b5 10. h4 Bb7 11. h5 Be7 12. hxg6 fxg6 13. Bh3 Nf8 14. dxc5 Bxc5 15. Ned4 Qe7 16. Be3 Nxd4 17. Bxd4 0-0-0 18. b4 Bxd4 19. Nxd4 Kb8 20. a4 g5 21. axb5 axb5 22. Ke2 gxf4 23. gxf4 Qh4 24. Ke3 Ng6 25. Qg4 Qh6 26. Qg5 Qxg5 27. fxg5 Nxe5 28. Bxe6 Rhe8 29. Rxh7 Nc6 30. Rh6 Rd6 31. Re1 Ne5 32. Kd2 Nc4+ 33. Kd1 Ra6 34. g6 Bc8 35. g7 Ra2 36. Rh8 1-0

[Event "Saale-Herbst op 3rd"]
[Site "Halle/Saale"]
[Date "2006.10.28"]
[Round "7"]
[White "Lieder, Konrad"]
[Black "Schuetze, Norman"]
[Result "1/2-1/2"]
[WhiteElo "2090"]
[BlackElo "2231"]
[PlyCount "79"]
[EventDate "2006.10.25"]
[EventType "swiss"]
[EventRounds "7"]
[EventCountry "GER"]
[SourceTitle "EXT 2019"]
[Source "ChessBase"]
[SourceDate "2018.10.10"]
[SourceVersion "1"]
[SourceVersionDate "2018.10.10"]
[SourceQuality "1"]

1. d4 Nf6 2. Nf3 g6 3. c4 Bg7 4. Nc3 d5 5. g3 0-0 6. Bg2 dxc4 7. Ne5 c6 8. Nxc4 Be6 9. Ne3 Qb6 10. 0-0 Rd8 11. Nc2 Na6 12. e4 Nb4 13. Na4 Qa5 14. Bd2 Qxa4 15. Bxb4 Rd7 16. Qd2 Qb5 17. Bc3 Qh5 18. f3 Rad8 19. Qf2 Qb5 20. Rfd1 Qh5 21. g4 Bxg4 22. fxg4 Nxg4 23. Qe2 Qxh2+ 24. Kf1 h5 25. Rd3 e5 26. d5 cxd5 27. exd5 f5 28. Rh3 Qf4+ 29. Kg1 e4 30. Bxg7 Rxg7 31. Nd4 Qe5 32. Ne6 Rxd5 33. Nxg7 Qd4+ 34. Kf1 Kxg7 35. Rc1 b5 36. Ke1 Qg1+ 37. Qf1 Qd4 38. Qe2 Qg1+ 39. Qf1 Qd4 40. Qe2 1/2-1/2

[Event "Travemuende op 21th"]
[Site "Travemuende"]
[Date "2004.12.30"]
[Round "7"]
[White "Lieder, Konrad"]
[Black "Schuster, Martin"]
[Result "1/2-1/2"]
[WhiteElo "2087"]
[BlackElo "2177"]
[PlyCount "83"]
[EventDate "2004.12.27"]
[EventType "swiss"]
[EventRounds "7"]
[EventCountry "GER"]
[SourceTitle "EXT 2006"]
[Source "ChessBase"]
[SourceDate "2005.11.24"]
[SourceVersion "1"]
[SourceVersionDate "2005.11.24"]
[SourceQuality "1"]

1. d4 d5 2. c4 e6 3. Nf3 Nf6 4. Nc3 Be7 5. Bf4 0-0 6. e3 a6 7. Qc2 Nbd7 8. Be2 dxc4 9. Bxc4 b5 10. Be2 c5 11. a4 cxd4 12. exd4 b4 13. Ne4 Nd5 14. Bd6 Bb7 15. Bxe7 Qxe7 16. 0-0 Rac8 17. Qd2 N5f6 18. Ng3 Nb6 19. Rfe1 Rfd8 20. Bd3 Qd6 21. Ne4 Nxe4 22. Bxe4 Bxe4 23. Rxe4 Rc7 24. Qd3 Nd5 25. Rae1 Rdc8 26. g3 Nf6 27. R4e2 Qc6 28. Qb3 Qc4 29. Qxc4 Rxc4 30. Rd2 Nd5 31. Ne5 Rc2 32. Ree2 Rxd2 33. Rxd2 Rc1+ 34. Kg2 Ra1 35. Rc2 h5 36. Rc8+ Kh7 37. Nxf7 Rxa4 38. Ng5+ Kg6 39. Nxe6 Ra2 40. Rc5 Nf6 41. Nf4+ Kf7 42. Rc7+ 1/2-1/2

[Event "Travemuende op 21th"]
[Site "Travemuende"]
[Date "2004.12.28"]
[Round "2"]
[White "Pogorelov, Ruslan"]
[Black "Lieder, Konrad"]
[Result "1-0"]
[WhiteElo "2421"]
[BlackElo "2087"]
[PlyCount "83"]
[EventDate "2004.12.27"]
[EventType "swiss"]
[EventRounds "7"]
[EventCountry "GER"]
[SourceTitle "EXT 2006"]
[Source "ChessBase"]
[SourceDate "2005.11.24"]
[SourceVersion "1"]
[SourceVersionDate "2005.11.24"]
[SourceQuality "1"]

1. Nf3 d5 2. d4 Nf6 3. c4 c6 4. Nc3 dxc4 5. a4 Bf5 6. Ne5 Nbd7 7. Nxc4 Qc7 8. g3 e5 9. dxe5 Nxe5 10. Bf4 Nfd7 11. Bg2 g5 12. Ne3 gxf4 13. Nxf5 0-0-0 14. Qc2 Nc5 15. 0-0 Ne6 16. Qe4 a5 17. gxf4 Ng4 18. e3 Rg8 19. Rfd1 Bc5 20. Rxd8+ Qxd8 21. Rd1 Qf6 22. h3 Nh6 23. Ng3 Qg7 24. f5 Nc7 25. Qf3 f6 26. Nce4 Be7 27. Nh5 Qf8 28. Neg3 Nf7 29. Nf4 Bd6 30. Ne6 Qe7 31. Ne4 Bb4 32. Kh1 Ne5 33. Qf4 Ne8 34. Rd8+ Qxd8 35. Nxd8 Nd3 36. Qf3 Ne1 37. Qd1 Nxg2 38. Ne6 Be7 39. N6c5 Bxc5 40. Nxc5 Rg7 41. Ne6 Rd7 42. Qe2 1-0

[Event "GER-chT North U16"]
[Site "Syke"]
[Date "2004.09.18"]
[Round "6.1"]
[White "Lieder, Konrad"]
[Black "Bracker, Frank"]
[Result "1-0"]
[WhiteElo "1971"]
[BlackElo "1841"]
[PlyCount "103"]
[EventDate "2004.09.16"]
[EventType "team-swiss"]
[EventRounds "7"]
[EventCountry "GER"]
[SourceTitle "EXT 2006"]
[Source "ChessBase"]
[SourceDate "2005.11.24"]
[SourceVersion "1"]
[SourceVersionDate "2005.11.24"]
[SourceQuality "1"]

1. d4 Nf6 2. c4 g6 3. Nc3 Bg7 4. e4 d6 5. Be2 0-0 6. Nf3 e5 7. d5 a5 8. Bg5 h6 9. Bh4 Na6 10. Nd2 Qe8 11. 0-0 Bd7 12. Qc2 Nh7 13. f3 f5 14. a3 a4 15. Nb5 g5 16. Bf2 f4 17. Qxa4 Nf6 18. b4 h5 19. h3 g4 20. fxg4 hxg4 21. hxg4 Nxg4 22. Qb3 Rf6 23. Rfc1 Rh6 24. Bf3 Qg6 25. Kf1 Bf6 26. Ke2 Kg7 27. Rh1 Rah8 28. Rxh6 Rxh6 29. Nc3 Bh4 30. Bxh4 Rxh4 31. Rg1 Ne3 32. Nd1 Ng4 33. Nf2 Nxf2 34. Kxf2 Qg3+ 35. Ke2 b6 36. Qc3 Qg5 37. Nb3 Qe7 38. b5 Nc5 39. Nxc5 dxc5 40. a4 Kf6 41. a5 bxa5 42. Qxa5 Qd6 43. Qa8 Kf7 44. Qd8 Rh6 45. Kd3 Rh7 46. Ra1 Qe7 47. Qxc7 Rh8 48. Ra7 Rd8 49. Ke2 Ke8 50. b6 Rc8 51. Bh5+ Kf8 52. Qxd7 1-0

[Event "GER-chT North U16"]
[Site "Syke"]
[Date "2004.09.16"]
[Round "2.1"]
[White "Lieder, Konrad"]
[Black "Huschenbeth, Niclas"]
[Result "1-0"]
[WhiteElo "1971"]
[BlackElo "1984"]
[PlyCount "97"]
[EventDate "2004.09.16"]
[EventType "team-swiss"]
[EventRounds "7"]
[EventCountry "GER"]
[SourceTitle "EXT 2006"]
[Source "ChessBase"]
[SourceDate "2005.11.24"]
[SourceVersion "1"]
[SourceVersionDate "2005.11.24"]
[SourceQuality "1"]

1. d4 Nf6 2. c4 g6 3. Nc3 d5 4. cxd5 Nxd5 5. e4 Nxc3 6. bxc3 c5 7. Bc4 Bg7 8. Ne2 0-0 9. 0-0 Nd7 10. Ba3 Qc7 11. Rc1 Nb6 12. Bb3 c4 13. Bc2 f5 14. exf5 Bxf5 15. Ng3 Bxc2 16. Rxc2 Nd5 17. Re1 Rf7 18. Ne4 Qa5 19. Ng5 Qxa3 20. Nxf7 Kxf7 21. Qf3+ Nf6 22. Qxb7 Re8 23. Qc6 Qd6 24. Qxc4+ Qd5 25. Qa6 Rb8 26. Rce2 Bf8 27. h3 Qb7 28. Qe6+ Kg7 29. Re3 Qd5 30. Qa6 Qb7 31. Qe2 Kg8 32. c4 Qb2 33. c5 Qxd4 34. Rc1 Bh6 35. Rd3 Qa4 36. Qe6+ Kf8 37. Re1 Qe8 38. c6 Bf4 39. Rf3 Bc7 40. g4 g5 41. h4 h6 42. hxg5 hxg5 43. Rh3 Qf7 44. Qf5 Qg7 45. Kg2 Qg8 46. Rf3 Bf4 47. Rxf4 gxf4 48. c7 Re8 49. Qxf6+ 1-0

[Event "GER-ch U16"]
[Site "Willingen"]
[Date "2004.06.01"]
[Round "6"]
[White "Zebisch, Paul"]
[Black "Lieder, Konrad"]
[Result "1/2-1/2"]
[WhiteElo "1987"]
[BlackElo "2087"]
[PlyCount "54"]
[EventDate "2004.06.??"]
[EventType "swiss"]
[EventRounds "9"]
[EventCountry "GER"]
[SourceTitle "EXT 2005"]
[Source "ChessBase"]
[SourceDate "2004.11.15"]
[SourceVersion "1"]
[SourceVersionDate "2004.11.15"]
[SourceQuality "1"]

1. e4 c5 2. Nf3 e6 3. d4 cxd4 4. Nxd4 Nf6 5. Nc3 Nc6 6. Be3 Bb4 7. Bd3 d5 8. exd5 Nxd5 9. Nxc6 bxc6 10. Bd2 Nxc3 11. bxc3 Bd6 12. 0-0 Qh4 13. g3 Qf6 14. Rb1 0-0 15. Qe2 e5 16. Qe4 g6 17. Qxc6 Bh3 18. Rfe1 Rac8 19. Qe4 Qe6 20. c4 f5 21. Qe2 Qd7 22. c5 Qc6 23. Be4 Qxe4 24. Qxe4 fxe4 25. cxd6 Rxc2 26. Be3 Rxa2 27. Ra1 Rxa1 1/2-1/2

[Event "GER-ch U16"]
[Site "Willingen"]
[Date "2004.05.31"]
[Round "4"]
[White "Nuber, Korbinian"]
[Black "Lieder, Konrad"]
[Result "0-1"]
[WhiteElo "2004"]
[BlackElo "2087"]
[PlyCount "86"]
[EventDate "2004.06.??"]
[EventType "swiss"]
[EventRounds "9"]
[EventCountry "GER"]
[SourceTitle "EXT 2005"]
[Source "ChessBase"]
[SourceDate "2004.11.15"]
[SourceVersion "1"]
[SourceVersionDate "2004.11.15"]
[SourceQuality "1"]

1. e4 Nf6 2. Nc3 d5 3. e5 Nfd7 4. e6 fxe6 5. d4 c5 6. dxc5 Nc6 7. Nf3 Nf6 8. Bb5 Bd7 9. Qe2 g6 10. Bxc6 bxc6 11. 0-0 Bg7 12. Ng5 Qa5 13. Nxe6 Bxe6 14. Qxe6 Qxc5 15. Re1 Rd8 16. Na4 Qd6 17. Bf4 Qxe6 18. Rxe6 Ne4 19. f3 Kd7 20. Rxe4 dxe4 21. Nc5+ Ke8 22. Ne6 exf3 23. Nxg7+ Kf7 24. Be5 Rd5 25. Bc3 Rhd8 26. gxf3 e5 27. Re1 Rd1 28. Kf2 Rxe1 29. Kxe1 Rd5 30. f4 exf4 31. Kf2 Rc5 32. Kf3 Rxc3+ 33. bxc3 Kxg7 34. Kxf4 Kf6 35. h3 g5+ 36. Kg4 Kg6 37. c4 h5+ 38. Kg3 Kf5 39. Kf3 Ke5 40. Ke3 a6 41. a3 c5 42. a4 a5 43. c3 g4 0-1